[Event "Barcelona Sant Marti op 11th"]
[Site "Barcelona"]
[Date "2024.03.07"]
[Round "9"]
[White "Madrid Sole, Antonio"]
[Black "Moreno Perez, Norberto"]
[Result "0-1"]
[WhiteElo "1683"]
[BlackElo "1865"]
[PlyCount "76"]
[EventDate "2024.01.11"]
[EventType "swiss"]
[EventRounds "9"]
[EventCountry "ESP"]
[SourceTitle "CB11_2024"]
[SourceDate "2024.03.13"]
[SourceVersion "1"]
[SourceVersionDate "2024.03.13"]
[SourceQuality "1"]

1. d4 d5 2. Nf3 Nf6 3. g3 Bg4 4. Bg2 Nbd7 5. 0-0 e6 6. Nbd2 Bd6 7. c4 c6 8. b3 0-0 9. Bb2 Bc7 10. Rc1 Bh5 11. Re1 Ba5 12. Ba3 Re8 13. b4 Bc7 14. Bb2 Ne4 15. cxd5 exd5 16. a3 a5 17. e3 Qf6 18. Qc2 axb4 19. axb4 Bd6 20. Qb3 Qe7 21. b5 Bb4 22. Rc2 Bxf3 23. Nxf3 Bxe1 24. Nxe1 Qe6 25. Nd3 Rec8 26. Nf4 Qd6 27. b6 Ra6 28. Nxd5 Nef6 29. Nxf6+ gxf6 30. Bh3 Rca8 31. Qd3 Rxb6 32. Qf5 Nf8 33. Qg4+ Ng6 34. d5 Qxd5 35. e4 Qd3 36. Qe2 Qxe2 37. Rxe2 Ra2 38. Bd4 Rb1+ 0-1

[Event "Barcelona Sant Marti op-B 21st"]
[Site "Barcelona"]
[Date "2019.07.16"]
[Round "4"]
[White "Asna, Abdeen"]
[Black "Moreno Perez, Norberto"]
[Result "1-0"]
[WhiteElo "1326"]
[BlackElo "1850"]
[PlyCount "109"]
[EventDate "2019.07.13"]
[EventType "swiss"]
[EventRounds "9"]
[EventCountry "ESP"]
[SourceTitle "EXT 2020"]
[Source "ChessBase"]
[SourceDate "2019.10.17"]
[SourceVersion "1"]
[SourceVersionDate "2019.10.17"]
[SourceQuality "1"]

1. e4 e5 2. Nf3 d6 3. d4 exd4 4. Nxd4 Nf6 5. Nc3 Be7 6. Be2 0-0 7. 0-0 a6 8. f4 Nbd7 9. Bf3 h6 10. Qe1 Re8 11. Qg3 Nf8 12. f5 Kh7 13. Nde2 N6d7 14. Bh5 Ne5 15. Bf4 Nfd7 16. Nd4 Bh4 17. Qh3 c6 18. Kh1 Bg5 19. Ne6 fxe6 20. Bxe8 Qxe8 21. Bxg5 exf5 22. exf5 Nf7 23. Bf4 Nf6 24. Qd3 d5 25. Rae1 Qd8 26. Bg3 Kg8 27. Bh4 Bd7 28. Qd4 Ng5 29. Bxg5 hxg5 30. Qd2 g4 31. Qg5 Qf8 32. Re2 Re8 33. Rxe8 Qxe8 34. Qf4 b5 35. Kg1 Qe7 36. Kh1 c5 37. Nd1 d4 38. Kg1 Bc6 39. Qd2 Qe4 40. c3 d3 41. b3 c4 42. bxc4 bxc4 43. Nb2 Bd5 44. Rf4 Qe2 45. Qxe2 dxe2 46. Kf2 Ne4+ 47. Rxe4 Bxe4 48. Kxe2 Bxg2 49. Nxc4 Kf8 50. Ne3 Bf3+ 51. Kf2 Be4 52. Kg3 Kf7 53. Kxg4 Kf6 54. Kf4 Bd3 55. Nd5+ 1-0

[Event "Barcelona Sant Marti op 7th"]
[Site "Barcelona"]
[Date "2018.02.08"]
[Round "5"]
[White "Moreno Perez, Norberto"]
[Black "Martinez Talavera, Jordi"]
[Result "0-1"]
[WhiteElo "1857"]
[BlackElo "1998"]
[PlyCount "82"]
[EventDate "2018.01.11"]
[EventType "swiss"]
[EventRounds "9"]
[EventCountry "ESP"]
[SourceTitle "EXT 2019"]
[Source "ChessBase"]
[SourceDate "2018.10.10"]
[SourceVersion "1"]
[SourceVersionDate "2018.10.10"]
[SourceQuality "1"]

1. e4 e6 2. Nf3 d5 3. exd5 exd5 4. d4 Bd6 5. Bd3 Nc6 6. c3 Nge7 7. Qc2 Bg4 8. Nbd2 Qd7 9. 0-0 0-0-0 10. b4 Rde8 11. Bb5 a6 12. Bd3 Bf5 13. a4 Bxd3 14. Qxd3 Qf5 15. Qe2 Qc2 16. b5 Qxc3 17. bxc6 Nxc6 18. Bb2 Qxb2 19. Qd3 Nb4 20. Qf5+ Kb8 21. Rfc1 g6 22. Qxf7 Re7 23. Qf6 Rhe8 24. a5 Re2 25. Rab1 Qa3 26. Ra1 Qd3 27. Rd1 Qf5 28. Qxf5 gxf5 29. Nf1 f4 30. h4 h5 31. Ng5 Nc6 32. Nh3 R8e4 33. Ra4 Re1 34. Rxe1 Rxe1 35. Ng5 Rd1 36. Nf3 Bb4 37. g3 Nxd4 38. Rxb4 Nxf3+ 39. Kg2 Ne1+ 40. Kh3 Nd3 41. Rd4 Nxf2+ 0-1

[Event "Barcelona Sant Marti op-B 18th"]
[Site "Barcelona"]
[Date "2016.07.13"]
[Round "1.19"]
[White "Sanchez Coves, Juan Josep"]
[Black "Moreno Perez, Norberto"]
[Result "1/2-1/2"]
[WhiteElo "1610"]
[BlackElo "1886"]
[PlyCount "126"]
[EventDate "2016.07.13"]
[EventType "swiss"]
[EventRounds "9"]
[EventCountry "ESP"]
[SourceTitle "EXT 2024"]
[Source "ChessBase"]
[SourceDate "2023.10.10"]
[SourceVersion "1"]
[SourceVersionDate "2023.10.10"]
[SourceQuality "1"]

1. e4 e5 2. Nf3 d6 3. d4 exd4 4. Qxd4 Nc6 5. Bb5 Bd7 6. Bxc6 Bxc6 7. Nc3 Qf6 8. Bg5 Qxd4 9. Nxd4 h6 10. Nxc6 bxc6 11. Be3 Be7 12. 0-0-0 a5 13. f4 a4 14. a3 Nf6 15. h3 Nd7 16. g4 0-0 17. e5 d5 18. Bd4 Rfb8 19. Rhe1 Bh4 20. Re2 c5 21. Bf2 Bxf2 22. Rxf2 d4 23. Nd5 Rb7 24. Rfd2 Nb6 25. Nxb6 Rxb6 26. c3 dxc3 27. Rd8+ Rxd8 28. Rxd8+ Kh7 29. bxc3 Rb3 30. Kc2 Rxa3 31. Kb2 Rb3+ 32. Kc2 c4 33. Rd4 a3 34. Rxc4 Rb2+ 35. Kc1 Rf2 36. Kb1 c6 37. f5 Re2 38. Rxc6 Rxe5 39. Ka2 Re3 40. Kxa3 Rxh3 41. Kb4 Rg3 42. Rc4 Rf3 43. Rd4 h5 44. gxh5 Rxf5 45. c4 Rxh5 46. c5 Rh1 47. c6 Rb1+ 48. Kc5 Rb8 49. c7 Rc8 50. Kc6 g5 51. Kb7 Rxc7+ 52. Kxc7 Kg6 53. Kd6 Kf5 54. Rd1 Ke4 55. Re1+ Kf3 56. Rf1+ Ke3 57. Rxf7 g4 58. Rg7 Kf3 59. Ke5 g3 60. Rf7+ Ke3 61. Rg7 Kf2 62. Rf7+ Ke3 63. Rg7 Kf2 1/2-1/2

[Event "Barcelona Sant Marti op-A 5th"]
[Site "Barcelona"]
[Date "2016.02.11"]
[Round "5"]
[White "Ribera Nebot, Joan"]
[Black "Moreno Perez, Norberto"]
[Result "1-0"]
[WhiteElo "2070"]
[BlackElo "1841"]
[PlyCount "63"]
[EventDate "2016.01.14"]
[EventType "swiss"]
[EventRounds "9"]
[EventCountry "ESP"]
[SourceTitle "EXT 2017"]
[Source "ChessBase"]
[SourceDate "2016.10.25"]
[SourceVersion "1"]
[SourceVersionDate "2016.10.25"]
[SourceQuality "1"]

1. d4 d5 2. Nf3 Nf6 3. c4 e6 4. Nc3 Be7 5. Bf4 c6 6. e3 Nbd7 7. h3 a6 8. c5 0-0 9. Bd3 Re8 10. 0-0 Bxc5 11. dxc5 e5 12. Bh2 e4 13. Bd6 exf3 14. Qxf3 Ne5 15. Qe2 Nxd3 16. Qxd3 Ne4 17. Nxe4 dxe4 18. Qb3 Qg5 19. Kh2 Re6 20. Rad1 h5 21. Qb6 Rg6 22. Rg1 Qf6 23. Bf4 Kh7 24. Rd6 Qh4 25. Bg3 Qg5 26. h4 Qf5 27. Rgd1 Rg4 28. Qd8 Qxc5 29. Qf8 Qf5 30. Rd8 a5 31. Qh8+ Kg6 32. R1d6+ 1-0

[Event "Badalona op-B 41st"]
[Site "Badalona"]
[Date "2015.08.07"]
[Round "6"]
[White "Moreno Perez, Norberto"]
[Black "Castejon Ch De Guzman, Diego"]
[Result "1/2-1/2"]
[WhiteElo "2055"]
[BlackElo "2116"]
[PlyCount "119"]
[EventDate "2015.08.02"]
[EventType "swiss"]
[EventRounds "9"]
[EventCountry "ESP"]
[SourceTitle "EXT 2016"]
[Source "ChessBase"]
[SourceDate "2015.10.08"]
[SourceVersion "1"]
[SourceVersionDate "2015.10.08"]
[SourceQuality "1"]

1. e4 c5 2. Nf3 d6 3. Bc4 e6 4. 0-0 a6 5. a4 Nf6 6. Re1 Be7 7. d3 0-0 8. h3 Nc6 9. c3 Bd7 10. Nbd2 Qc7 11. Nf1 Rab8 12. Ng3 b5 13. axb5 axb5 14. Bb3 b4 15. Bc2 Ra8 16. Rxa8 Rxa8 17. d4 Ra1 18. e5 Nd5 19. c4 Nf4 20. exd6 Bxd6 21. dxc5 Nxh3+ 22. Kh2 Bxg3+ 23. fxg3 Nf2 24. Qd6 Qc8 25. Kg1 Ng4 26. Rd1 h6 27. Be4 Nf6 28. Bxc6 Bxc6 29. Ne5 Ba4 30. Rf1 Ne4 31. Qe7 Qxc5+ 32. Qxc5 Nxc5 33. Be3 Rxf1+ 34. Kxf1 Nd7 35. Nd3 Bb3 36. c5 Bc4 37. Ke2 Ne5 38. Kd2 Bxd3 39. Bd4 Bb5 40. Bxe5 f6 41. Bc7 Bc4 42. Ba5 b3 43. c6 Kf7 44. c7 Ba6 45. Kc3 Ke8 46. Kxb3 Kd7 47. Kc3 Bb7 48. b4 Bxg2 49. Kc4 h5 50. Kc5 g5 51. c8Q+ Kxc8 52. Kd6 Bd5 53. Bb6 Kb7 54. Bd8 h4 55. gxh4 gxh4 56. Bxf6 h3 57. Be5 Kb6 58. Ke7 Kb5 59. Bd6 Kc4 60. Kf6 1/2-1/2

[Event "Barcelona Sant Marti op 5th"]
[Site "Barcelona"]
[Date "2014.09.13"]
[Round "3.2"]
[White "Moreno Perez, Norberto"]
[Black "Uribe Arteaga, Daniel"]
[Result "0-1"]
[WhiteElo "2131"]
[BlackElo "2260"]
[PlyCount "45"]
[EventDate "2014.09.13"]
[EventType "swiss"]
[EventRounds "9"]
[EventCountry "ESP"]
[SourceTitle "EXT 2024"]
[Source "ChessBase"]
[SourceDate "2023.10.10"]
[SourceVersion "1"]
[SourceVersionDate "2023.10.10"]
[SourceQuality "1"]

1. e4 g6 2. Nf3 Bg7 3. c3 c5 4. Bc4 d6 5. 0-0 Nf6 6. d3 0-0 7. Bb3 b5 8. h3 Nc6 9. Bg5 a5 10. a4 b4 11. Nbd2 Rb8 12. Bc4 Nd7 13. Bb5 Na7 14. Bxd7 Bxd7 15. cxb4 Rxb4 16. Rb1 Bxb2 17. Rxb2 Rxb2 18. Nc4 Rb4 19. e5 dxe5 20. Nfxe5 Bxa4 21. Qg4 Qc8 22. Qxc8 Nxc8 23. Nc6 0-1